000 00334nam a22001097a 4500
999 _c15072
_d15072
008 200304b ||||| |||| 00| 0 eng d
245 _aUP is 87th among 442 institutions.
260 _aDavao City, Philippines;
_bSunstar Davao,
_c©2019.
300 _apage 10;
_c29.5cm.
650 _aColleges and Universities.
_941783
942 _2ddc
_cPER